000 00547nam a2200217Ia 4500
003 OSt
005 20220928141607.0
006 a|||||r|||| 00| 0
007 ta
008 220927b |||||||| |||| 00| 0 eng d
024 _a16234
037 _cTextual
040 _aSDCL
_cSDCL
_beng
041 _2eng
_aeng
082 _aWxL48x, L4
100 _aParekh Bhikhu Ed.
_9501105
245 0 _aJeremy Bentham ten critical essays
260 _c1974
942 _hWxL48x, L4
_cTEXL
_2CC
999 _c818588
_d818588